000
00261nam a22001217a 4500
008
170421b xxu||||| |||| 00| 0 eng d
041
_a
eng
080
_a
579
100
_a
11
101
_a
SHM
245
_a
THE MICROBIOL WORLD
_c
SATNIER.R.Y
942
_2
udc
_c
BK
999
_c
11474
_d
11474